Szczegóły MARC21

Islam w Europie : nowe kierunki badań : księga ku czci profesor Anny Parzymies /

003 -Nazwa inst., której nr kontr. jest w polu 001 [,]
    • @
    • Nazwa instytucji, której n kontrolny jest w polu 001
    • NUKAT
005 -DATA I CZAS OSTATNIEJ MODYFIKACJI [,]
    • @
    • pole kontrolne
    • 20241231103317.0
020 -Międzynarod. znormalizowany nr książki - ISBN [ , ]
    • a
    • Numer ISBN
    • 9788380022010 Find
040 -Instytucja sporządzająca opis [ , ]
    • a
    • Instytucja, która sporządziła opis (NP)
    • WR U/mt
    • c
    • Instytucja, która sporządziła rekord (NP)
    • WR U/mt
    • d
    • Instytucja, która zmodyfikowała rekord (P)
    • WR U/bk
    • d
    • Instytucja, która zmodyfikowała rekord (P)
    • WR U/mts
041 -Język dokumentu [0, ]
    • a
    • Język tekstu (P)
    • polski
    • b
    • Język streszczeń lub abstraktu (P)
    • angielski
942 -Rodzaj dokumentu [ , ]
    • c
    • Rodzaj dokumentu
    • Książka
245 -Strefa tytułu i oznaczenia odpowiedzialności [0,0]
    • a
    • Tytuł
    • Islam w Europie : Find
    • b
    • Ciąg dalszy tytułu (NP)
    • nowe kierunki badań : księga ku czci profesor Anny Parzymies / Find
    • c
    • Pozostałe elementy strefy tytułu i oznaczenia odpowiedzialności (NP)
    • redakcja naukowa Marta Widy-Behiesse, Konrad Zasztowt.
260 -Strefa adresu wydawniczego [ , ]
    • a
    • Miejsce wydania (P)
    • Warszawa :
    • b
    • Nazwa wydawcy (P)
    • Wydawnictwo Akademickie DIALOG,
    • c
    • Data wydania (P)
    • 2015.
300 -Strefa opisu fizycznego [ , ]
    • a
    • Określenie formy książki i/lub objętość (NP)
    • 346, [1] s. :
    • b
    • Oznaczenie ilustracji (NP)
    • il. (głównie kolor.) ;
    • c
    • Format (NP)
    • 25 cm.
336 -Typ zawartości [ , ]
    • a
    • Termin opisujący typ zawartości
    • Tekst
    • b
    • Kod określający zawartość
    • txt
    • 2
    • Źródło (terminu i kodu)
    • rdacontent
337 -Typ mediów [ , ]
    • a
    • Tryb odtwarzania
    • Bez urządzenia pośredniczącego
    • b
    • Kod typu mediów
    • n
    • 2
    • Źródło (terminu i kodu)
    • rdamedia
338 -Typ/rodzaj nośnika [ , ]
    • a
    • Hasło opisujące typ nośnika
    • Wolumin
    • b
    • Kod typu nośnika
    • nc
    • 2
    • Źródło (terminu i kodu)
    • rdacarrier
504 -Uwaga dot. bibliogr. załącznikowej [ , ]
    • a
    • Uwaga dot. bibliografii załącznikowej
    • "Wykaz publikacji [Anny Parzymies] w układzie chronologicznym" s. 17-22.
504 -Uwaga dot. bibliogr. załącznikowej [ , ]
    • a
    • Uwaga dot. bibliografii załącznikowej
    • Bibliogr. przy większości art.
546 -Uwaga dot. języka [ , ]
    • a
    • Uwaga dot. języka
    • Streszcz. art. w jęz. ang.
600 -Hasło przedmiotowe w formie nazwy osobowej [1,7]
    • a
    • Nazwa osobowa
    • Parzymies, Anna
    • d
    • Daty związane z nazwą
    • (1939- )
    • v
    • Określnik formalny
    • księgi pamiątkowe.
    • 2
    • Źródło terminu
    • kaba
    • 9
    • KHW
    • 405234
650 -Hasło przedmiotowe [ ,7]
    • a
    • Hasło przedmiotowe
    • Islam
    • z
    • Określnik geograficzny
    • Europa.
    • 2
    • Źródło terminu
    • kaba
    • 9
    • KHW
    • 405233
650 -Hasło przedmiotowe [ ,7]
    • a
    • Hasło przedmiotowe
    • Cywilizacja arabska
    • x
    • Określnik rzeczowy
    • wpływ zachodni.
    • 2
    • Źródło terminu
    • kaba
    • 9
    • KHW
    • 405235
650 -Hasło przedmiotowe [ ,7]
    • a
    • Hasło przedmiotowe
    • Islam
    • x
    • Określnik rzeczowy
    • w literaturze.
    • 2
    • Źródło terminu
    • kaba
    • 9
    • KHW
    • 143051
650 -Hasło przedmiotowe [ ,7]
    • a
    • Hasło przedmiotowe
    • Muzułmanie
    • x
    • Określnik rzeczowy
    • akulturacja
    • z
    • Określnik geograficzny
    • Europa.
    • 2
    • Źródło terminu
    • kaba
    • 9
    • KHW
    • 386616
650 -Hasło przedmiotowe [ ,7]
    • a
    • Hasło przedmiotowe
    • Muzułmanie
    • z
    • Określnik geograficzny
    • Europa.
    • 2
    • Źródło terminu
    • kaba
    • 9
    • KHW
    • 380024
700 -Hasło dodatkowe - nazwa osobowa [1, ]
    • a
    • Nazwa osobowa (NP)
    • Widy-Behiesse, Marta. Find
    • e
    • Określenie rodzaju współpracy
    • Red.
    • 9
    • KHW
    • 66460
700 -Hasło dodatkowe - nazwa osobowa [1, ]
    • a
    • Nazwa osobowa (NP)
    • Zasztowt, Konrad Find
    • d
    • Daty biograficzne (NP)
    • (1977- ).
    • e
    • Określenie rodzaju współpracy
    • Red.
    • 9
    • KHW
    • 405278
710 -Hasło dodatkowe - nazwa ciała zbiorowego [2, ]
    • a
    • Nazwa ciała zbiorowego lub nazwa geograficzna jako pierwszy element (NP)
    • Wydawnictwo Akademickie DIALOG.
    • 4
    • Kod relacji
    • pbl
    • 9
    • KHW
    • 54490
920 -ISBN [ , ]
    • a
    • ISBN
    • 978-83-8002-201-0 Find
Sygnatura Numer inwentarzowy Status udost. Lokalizacja Data inwentaryzacji
H.29245H.29245-3BNS2017-01-26
 H.29246-3BNS2017-01-26